000 00323nam a2200145Ia 4500
003 OSt
005 20240320120156.0
008 170523s9999 xx 000 0 und d
020 _anil
040 _ciimtu meerut
100 _aSASHIPANT
245 0 _aINDIAN CAPITAL MARKETS
260 _bTATA MC GRAW HILL
942 _2ddc
_c02
999 _c1684
_d1684